Hazbin Hôtel - "Gravity"(en français) - Paroles - Statistiques

Statistiques générales
  • Ce quiz a été pris 132 fois
  • Le résultat moyen est 141 sur 230
Statistiques - réponses
Paroles % Correct
je
87%
Je
87%
Ils
85%
ils
85%
n'
85%
ce
81%
Ce
81%
m'
81%
à
79%
a
79%
de
79%
De
79%
se
79%
l'
77%
qu'
75%
su
75%
suis
75%
te
73%
tous
73%
le
71%
Le
71%
me
71%
ne
71%
dont
69%
en
69%
ignorent
69%
pas
69%
capable
67%
la
67%
La
67%
orage
67%
pour
67%
princesse
67%
va
67%
payer,
65%
que
65%
tragédie,
65%
au
63%
ces
63%
elle
63%
enlevé
63%
fait
63%
Non,
63%
rien
63%
face
62%
minables
62%
qui
62%
Sens
62%
tout
62%
détruis
60%
devant
60%
loin
60%
Quelle
60%
reculerai
60%
tonnerre
60%
Et
58%
Tu
58%
tu
58%
ai
56%
compléter
56%
couvrira
56%
cris
56%
ma
56%
moi
56%
rage
56%
serai
56%
tes
56%
Cette
54%
déchaîner
54%
douce
54%
seul
54%
dette
52%
enfer
52%
être
52%
faire
52%
méritent
52%
mort
52%
pourquoi
52%
trahir
52%
une
52%
choix
50%
comprendras
50%
dans
50%
finir
50%
j'ai
50%
mission
50%
(ouais ?),
50%
(ouais ?)
50%
(Ouais ?)
50%
personne
50%
pu
50%
sang,
50%
sauver
50%
savait
50%
ta
50%
tempête
50%
vas
50%
vous
50%
avoir
48%
dévore
48%
laisserai
48%
vengée
48%
ferai
46%
paix,
46%
prête
46%
protéger
46%
Si
46%
vie,
46%
crever
44%
Perdre
44%
serait
44%
couler
42%
effacer
42%
Mais
40%
regarder,
40%
aimes
38%
colère
38%
échapperas
38%
faisais
38%
saigner
38%
commenceras
37%
Puis
37%
Restons
37%
espères
35%
brûler
33%
celle
33%
concentrés,
33%
peut-être
33%
seras
31%
brisée
21%
Aucun quiz correspondant
Distribution des résultats
% des personnes avec chaque résultat
Percentile par nombre de réponses
Votre historique - résultats
Vous n’avez pas pris ce quiz